[Event "MP do 18 lat - chlopcy"]
[Site "Sypniewo"]
[Date "2022.03.23"]
[Round "5.14"]
[White "Czechowski, Jakub"]
[Black "Kitewski, Bartosz"]
[Result "1/2-1/2"]
[BlackElo "1870"]
[WhiteElo "2036"]
[LiveChessVersion "1.4.8"]

1. e4 {[%clk 1:30:56]} c5 {[%clk 1:30:55]} 2. Nf3 {[%clk 1:31:16]} d6 3. g3
{[%clk 1:31:13]} Nc6 {[%clk 1:28:50]} 4. Bg2 {[%clk 1:32:00]} g6 {[%clk 1:32:03]}
5. O-O {[%clk 1:31:43]} Bg7 {[%clk 1:32:17]} 6. d3 {[%clk 1:31:18]} e5
{[%clk 1:32:36]} 7. c3 {[%clk 1:26:19]} Nge7 {[%clk 1:29:13]} 8. Be3
{[%clk 1:18:11]} O-O {[%clk 1:29:23]} 9. d4 {[%clk 1:15:45]} cxd4
{[%clk 1:22:45]} 10. cxd4 {[%clk 1:15:50]} d5 {[%clk 1:23:05]} 11. Nc3
{[%clk 1:10:34]} Bg4 {[%clk 1:19:11]} 12. Nxd5 {[%clk 1:01:24]} Nxd5
{[%clk 1:18:09]} 13. exd5 {[%clk 1:01:49]} Qxd5 {[%clk 1:17:46]} 14. Nxe5
{[%clk 1:00:09]} Qxe5 {[%clk 1:13:20]} 15. dxe5 {[%clk 0:58:23]} Bxd1
{[%clk 1:13:34]} 16. Raxd1 {[%clk 0:58:32]} Bxe5 {[%clk 1:12:56]} 17. Rd7
{[%clk 0:55:00]} Rab8 {[%clk 1:09:14]} 18. b3 {[%clk 0:53:20]} a5
{[%clk 0:49:25]} 19. a4 {[%clk 0:48:33]} Rfd8 {[%clk 0:39:23]} 20. Rfd1
{[%clk 0:47:07]} Nd4 {[%clk 0:38:54]} 21. R7xd4 {[%clk 0:47:19]} Bxd4
{[%clk 0:39:18]} 22. Rxd4 {[%clk 0:47:46]} Rxd4 {[%clk 0:39:38]} 23. Bxd4
{[%clk 0:47:49]} Rd8 {[%clk 0:39:36]} 24. Bb6 {[%clk 0:46:21]} Rd3
{[%clk 0:39:58]} 25. Bxa5 {[%clk 0:45:48]} Rxb3 {[%clk 0:40:23]} 26. Be1
{[%clk 0:44:45]} b5 {[%clk 0:30:13]} 27. a5 {[%clk 0:38:14]} Rb1 {[%clk 0:27:06]}
28. Kf1 {[%clk 0:38:36]} b4 {[%clk 0:27:28]} 29. a6 {[%clk 0:29:53]} Ra1
{[%clk 0:27:40]} 30. a7 {[%clk 0:30:17]} Rxa7 {[%clk 0:28:04]} 31. Bxb4
{[%clk 0:30:46]} Kg7 {[%clk 0:23:47]} 32. Ke2 {[%clk 0:29:22]} g5
{[%clk 0:23:37]} 33. Bc3+ {[%clk 0:29:16]} f6 {[%clk 0:24:00]} 34. g4
{[%clk 0:26:44]} Ra2+ {[%clk 0:23:00]} 35. Bd2 {[%clk 0:26:53]} Rb2
{[%clk 0:23:03]} 36. Be4 {[%clk 0:26:41]} Ra2 {[%clk 0:23:11]} 37. Bf5
{[%clk 0:26:31]} Rb2 {[%clk 0:23:27]} 38. Ke1 {[%clk 0:26:21]} Ra2
{[%clk 0:23:42]} 39. Be3 {[%clk 0:26:44]} Ra1+ {[%clk 0:22:45]} 40. Ke2
{[%clk 0:57:09]} Rh1 {[%clk 0:52:40]} 41. Be4 {[%clk 0:52:09]} Rxh2
{[%clk 0:51:22]} 42. Bf3 {[%clk 0:50:09]} Rh3 {[%clk 0:50:24]} 43. Bg2
{[%clk 0:49:47]} Rh4 {[%clk 0:50:45]} 44. Kf3 {[%clk 0:48:50]} h5
{[%clk 0:48:33]} 45. Ke4 1/2-1/2

[Event "MP do 18 lat - chlopcy"]
[Site "Sypniewo"]
[Date "2022.03.23"]
[Round "5.15"]
[White "Gradalski, Olaf"]
[Black "Lenart, Jakub"]
[Result "1/2-1/2"]
[BlackElo "1792"]
[WhiteElo "2051"]
[LiveChessVersion "1.4.8"]

1. d4 {[%clk 1:30:14]} Nf6 {[%clk 1:29:07]} 2. c4 {[%clk 1:30:17]} e6
{[%clk 1:26:56]} 3. g3 {[%clk 1:30:10]} d5 {[%clk 1:26:36]} 4. Nf3
{[%clk 1:30:29]} c6 {[%clk 1:26:31]} 5. Bg2 {[%clk 1:30:43]} Be7 {[%clk 1:20:31]}
6. O-O {[%clk 1:31:02]} O-O {[%clk 1:20:58]} 7. Qc2 {[%clk 1:30:00]} Ne4
{[%clk 1:19:33]} 8. Bf4 {[%clk 1:14:21]} Nd7 {[%clk 1:11:00]} 9. Ne5
{[%clk 0:46:41]} f5 {[%clk 0:56:37]} 10. Nxd7 {[%clk 0:39:40]} Bxd7
{[%clk 0:54:04]} 11. Nc3 {[%clk 0:38:01]} Nd6 {[%clk 0:38:02]} 12. Bxd6
{[%clk 0:34:04]} Bxd6 {[%clk 0:36:06]} 13. c5 {[%clk 0:25:36]} Bc7
{[%clk 0:34:41]} 14. f4 {[%clk 0:25:52]} g5 {[%clk 0:32:12]} 15. e3
{[%clk 0:26:21]} h5 {[%clk 0:31:31]} 16. Qe2 {[%clk 0:22:42]} h4 {[%clk 0:29:54]}
17. Qh5 {[%clk 0:20:53]} Rf7 {[%clk 0:26:10]} 18. gxh4 {[%clk 0:12:21]} g4
{[%clk 0:25:50]} 19. Qg5+ {[%clk 0:12:31]} Rg7 {[%clk 0:25:56]} 20. Qxd8+
{[%clk 0:12:52]} Bxd8 {[%clk 0:25:43]} 21. h5 {[%clk 0:12:23]} Rh7
{[%clk 0:24:35]} 22. Rf2 {[%clk 0:08:50]} Rxh5 {[%clk 0:23:50]} 23. Bf1
{[%clk 0:09:09]} Kf7 {[%clk 0:23:00]} 24. b4 {[%clk 0:09:28]} b6 {[%clk 0:13:56]}
25. Rb1 {[%clk 0:09:37]} b5 {[%clk 0:05:08]} 26. a4 {[%clk 0:10:06]} a6
{[%clk 0:05:07]} 27. Ra2 {[%clk 0:10:17]} Rc8 {[%clk 0:04:28]} 28. Rba1
{[%clk 0:09:06]} Rh8 {[%clk 0:04:05]} 29. axb5 {[%clk 0:09:30]} axb5
{[%clk 0:04:32]} 30. Ra7 {[%clk 0:08:53]} Rc7 {[%clk 0:04:05]} 31. R7a6
{[%clk 0:07:46]} Ke7 {[%clk 0:02:49]} 32. Ne2 {[%clk 0:08:07]} Bc8
{[%clk 0:02:29]} 33. Ra8 {[%clk 0:08:27]} Kd7 {[%clk 0:01:54]} 34. Nc1
{[%clk 0:07:38]} Bb7 {[%clk 0:01:50]} 35. R8a7 {[%clk 0:07:04]} Bc8
{[%clk 0:02:01]} 36. Nd3 {[%clk 0:07:17]} Bf6 {[%clk 0:01:59]} 37. Nc1
{[%clk 0:03:54]} Bd8 {[%clk 0:02:07]} 38. R7a2 {[%clk 0:03:58]} Bb7
{[%clk 0:02:14]} 39. Nb3 {[%clk 0:04:23]} Rc8 {[%clk 0:01:31]} 40. Ra7
{[%clk 0:34:07]} Rb8 {[%clk 0:30:52]} 41. Na5 {[%clk 0:20:41]} Kc8
{[%clk 0:21:18]} 42. Ra2 {[%clk 0:10:36]} Bxa5 {[%clk 0:13:57]} 43. R7xa5
{[%clk 0:10:33]} Kc7 {[%clk 0:14:17]} 44. Ra7 {[%clk 0:07:41]} Ra8
{[%clk 0:13:30]} 45. Rxa8 {[%clk 0:07:56]} Bxa8 {[%clk 0:13:56]} 46. h3
{[%clk 0:07:41]} gxh3 {[%clk 0:13:41]} 47. Kh2 {[%clk 0:08:00]} Bb7
{[%clk 0:13:27]} 48. Bxh3 {[%clk 0:08:22]} Ra8 {[%clk 0:12:31]} 49. Rxa8
{[%clk 0:08:47]} Bxa8 {[%clk 0:12:58]} 50. Kg3 {[%clk 0:09:12]} Kd7
{[%clk 0:13:16]} 51. Kh4 {[%clk 0:09:23]} Ke7 {[%clk 0:13:33]} 52. Kg5
{[%clk 0:09:50]} Bb7 {[%clk 0:12:05]} 53. Kg6 {[%clk 0:05:00]} Bc8
{[%clk 0:11:55]} 54. Bf1 {[%clk 0:05:26]} Bd7 {[%clk 0:12:15]} 55. Be2
{[%clk 0:05:50]} Be8+ {[%clk 0:11:39]} 56. Kg7 {[%clk 0:06:14]} Bd7
{[%clk 0:11:55]} 57. Bh5 {[%clk 0:06:43]} Bc8 {[%clk 0:12:14]} 58. Bg6
{[%clk 0:06:41]} Bd7 {[%clk 0:11:52]} 1/2-1/2

[Event "MP do 18 lat - chlopcy"]
[Site "Sypniewo"]
[Date "2022.03.23"]
[Round "5.16"]
[White "Kasprzak, Lukasz"]
[Black "Syrkiewicz, Michal"]
[Result "1-0"]
[BlackElo "1988"]
[WhiteElo "1884"]
[LiveChessVersion "1.4.8"]

1. d4 {[%clk 1:30:32]} Nf6 {[%clk 1:30:54]} 2. c4 {[%clk 1:30:30]} e6
{[%clk 1:31:17]} 3. Nc3 {[%clk 1:29:40]} Bb4 {[%clk 1:31:34]} 4. Qc2
{[%clk 1:28:41]} O-O {[%clk 1:31:33]} 5. a3 {[%clk 1:29:03]} Bxc3+
{[%clk 1:31:54]} 6. Qxc3 {[%clk 1:29:30]} b6 {[%clk 1:31:59]} 7. Bg5
{[%clk 1:29:53]} Bb7 {[%clk 1:32:16]} 8. e3 {[%clk 1:30:09]} h6 {[%clk 1:30:06]}
9. Bh4 {[%clk 1:30:32]} d6 {[%clk 1:28:05]} 10. f3 {[%clk 1:27:21]} Nbd7
{[%clk 1:24:33]} 11. Bd3 {[%clk 1:25:51]} Qe8 {[%clk 1:18:35]} 12. Ne2
{[%clk 1:21:06]} e5 {[%clk 1:16:42]} 13. O-O {[%clk 1:01:36]} e4 {[%clk 1:06:27]}
14. Bc2 {[%clk 1:00:45]} d5 {[%clk 1:03:31]} 15. f4 {[%clk 0:50:28]} a5
{[%clk 0:53:52]} 16. c5 {[%clk 0:43:26]} Ba6 {[%clk 0:48:15]} 17. Rfe1
{[%clk 0:40:47]} Qe6 {[%clk 0:43:23]} 18. h3 {[%clk 0:27:56]} Rfb8
{[%clk 0:31:42]} 19. c6 {[%clk 0:19:18]} Nf8 {[%clk 0:31:14]} 20. Bb3
{[%clk 0:16:23]} Rd8 {[%clk 0:28:53]} 21. Rac1 {[%clk 0:11:37]} Ng6
{[%clk 0:25:41]} 22. Bg3 {[%clk 0:11:25]} Rac8 {[%clk 0:25:05]} 23. Ba4
{[%clk 0:10:45]} Ne7 {[%clk 0:22:45]} 24. Bh2 {[%clk 0:08:47]} Bd3
{[%clk 0:18:46]} 25. g4 {[%clk 0:06:59]} g6 {[%clk 0:14:18]} 26. f5
{[%clk 0:06:10]} Nxf5 {[%clk 0:14:01]} 27. Nf4 {[%clk 0:06:15]} Qe8
{[%clk 0:13:38]} 28. gxf5 {[%clk 0:06:43]} gxf5 {[%clk 0:13:50]} 29. Bd1
{[%clk 0:04:02]} Bc4 {[%clk 0:13:04]} 30. b3 {[%clk 0:04:24]} Bb5
{[%clk 0:13:23]} 31. Be2 {[%clk 0:04:29]} Bxe2 {[%clk 0:13:36]} 32. Rxe2
{[%clk 0:04:56]} Kh7 {[%clk 0:13:45]} 33. Rg2 {[%clk 0:05:04]} Qe7
{[%clk 0:13:58]} 34. a4 {[%clk 0:04:54]} Rg8 {[%clk 0:13:23]} 35. Bg3
{[%clk 0:04:44]} Rcd8 {[%clk 0:12:02]} 36. Bh4 {[%clk 0:04:08]} Qd6
{[%clk 0:12:21]} 37. Rcc2 {[%clk 0:02:59]} Rg7 {[%clk 0:11:40]} 38. Rxg7+
{[%clk 0:03:25]} Kxg7 {[%clk 0:12:05]} 39. Rg2+ {[%clk 0:02:34]} Kh7
{[%clk 0:12:11]} 40. Qc2 {[%clk 0:32:06]} Rc8 {[%clk 0:41:32]} 41. Bxf6
{[%clk 0:29:32]} Qxf6 {[%clk 0:41:58]} 42. Nxd5 {[%clk 0:29:26]} Qh4
{[%clk 0:42:23]} 43. Qf2 {[%clk 0:28:28]} Qxh3 {[%clk 0:42:48]} 44. Ne7
{[%clk 0:27:30]} Re8 {[%clk 0:43:12]} 45. Qxf5+ {[%clk 0:27:30]} Qxf5
{[%clk 0:43:38]} 46. Nxf5 {[%clk 0:27:55]} 1-0

[Event "MP do 18 lat - chlopcy"]
[Site "Sypniewo"]
[Date "2022.03.23"]
[Round "5.17"]
[White "Bartlomowicz, Jakub"]
[Black "Jedrusik, Adam"]
[Result "1/2-1/2"]
[BlackElo "1937"]
[WhiteElo "1774"]
[LiveChessVersion "1.4.8"]

1. e4 {[%clk 1:30:58]} c6 {[%clk 1:30:56]} 2. d4 {[%clk 1:31:09]} d5
{[%clk 1:31:24]} 3. Nc3 {[%clk 1:30:14]} dxe4 {[%clk 1:31:52]} 4. Nxe4
{[%clk 1:30:18]} Nf6 {[%clk 1:32:20]} 5. Nxf6+ {[%clk 1:29:18]} exf6
{[%clk 1:32:48]} 6. c3 {[%clk 1:28:56]} Bd6 {[%clk 1:33:13]} 7. Bd3
{[%clk 1:26:50]} O-O {[%clk 1:33:39]} 8. Ne2 {[%clk 1:25:07]} Re8
{[%clk 1:33:56]} 9. O-O {[%clk 1:23:45]} Nd7 {[%clk 1:34:19]} 10. Qc2
{[%clk 1:20:44]} Nf8 {[%clk 1:33:35]} 11. Be3 {[%clk 1:20:23]} Bc7
{[%clk 1:26:36]} 12. c4 {[%clk 1:13:43]} g6 {[%clk 1:21:55]} 13. Rfe1
{[%clk 1:08:31]} Ne6 {[%clk 1:18:28]} 14. c5 {[%clk 0:56:50]} f5 {[%clk 1:18:06]}
15. Qd2 {[%clk 0:49:09]} Qf6 {[%clk 1:13:07]} 16. f4 {[%clk 0:42:24]} Rd8
{[%clk 1:09:35]} 17. b4 {[%clk 0:37:16]} a5 {[%clk 1:00:26]} 18. a3
{[%clk 0:36:13]} axb4 {[%clk 0:59:38]} 19. axb4 {[%clk 0:36:16]} Rxa1
{[%clk 0:53:15]} 20. Rxa1 {[%clk 0:36:41]} b6 {[%clk 0:51:12]} 21. Ra8
{[%clk 0:31:38]} bxc5 {[%clk 0:44:28]} 22. bxc5 {[%clk 0:30:11]} Kg7
{[%clk 0:43:03]} 23. g3 {[%clk 0:26:07]} h5 {[%clk 0:39:23]} 24. h4
{[%clk 0:24:13]} Kh7 {[%clk 0:37:42]} 25. Qc2 {[%clk 0:23:07]} Qe7
{[%clk 0:36:11]} 26. Bf2 {[%clk 0:22:16]} Qd7 {[%clk 0:31:18]} 27. Bc4
{[%clk 0:21:08]} Re8 {[%clk 0:30:59]} 28. Ra7 {[%clk 0:19:43]} Re7
{[%clk 0:24:15]} 29. Qa4 {[%clk 0:17:27]} Nd8 {[%clk 0:16:54]} 30. Nc3
{[%clk 0:14:53]} Bb7 {[%clk 0:17:36]} 31. Qb3 {[%clk 0:13:57]} Bb8
{[%clk 0:16:44]} 32. Ra4 {[%clk 0:13:01]} Ne6 {[%clk 0:15:12]} 33. d5
{[%clk 0:11:59]} cxd5 {[%clk 0:15:35]} 34. Bxd5 {[%clk 0:12:18]} Qc8
{[%clk 0:12:55]} 35. c6 {[%clk 0:08:27]} Bxc6 {[%clk 0:12:09]} 36. Bxc6
{[%clk 0:08:51]} Qxc6 {[%clk 0:12:38]} 37. Qxb8 {[%clk 0:09:14]} Qxc3
{[%clk 0:12:59]} 38. Ra8 {[%clk 0:09:31]} Qg7 {[%clk 0:12:12]} 39. Ra7
{[%clk 0:37:28]} Rxa7 {[%clk 0:40:12]} 40. Qxa7 {[%clk 0:37:52]} Kg8
{[%clk 0:40:15]} 41. Qa8+ {[%clk 0:36:57]} Qf8 {[%clk 0:40:04]} 42. Qxf8+
{[%clk 0:33:57]} Kxf8 {[%clk 0:39:47]} 43. Kg2 {[%clk 0:33:20]} Ke7
{[%clk 0:40:16]} 44. Kf3 {[%clk 0:33:33]} Kd6 {[%clk 0:40:44]} 45. Bb6
{[%clk 0:25:55]} Kd5 {[%clk 0:40:24]} 46. Ba5 {[%clk 0:25:36]} Kd4
{[%clk 0:40:42]} 47. Bb4 {[%clk 0:23:55]} Kd3 {[%clk 0:41:00]} 48. Ba5
{[%clk 0:23:05]} Nc5 {[%clk 0:41:05]} 49. Bb4 {[%clk 0:21:31]} Nb3
{[%clk 0:38:58]} 50. Be7 {[%clk 0:20:18]} Nd4+ {[%clk 0:37:55]} 51. Kf2
{[%clk 0:20:39]} Ke4 {[%clk 0:38:24]} 52. Bd8 {[%clk 0:20:37]} Ne6
{[%clk 0:38:18]} 53. Be7 {[%clk 0:20:06]} Nxf4 {[%clk 0:37:57]} 54. gxf4
{[%clk 0:20:31]} Kxf4 {[%clk 0:38:25]} 55. Bf6 {[%clk 0:20:34]} Kg4
{[%clk 0:38:48]} 56. Be7 {[%clk 0:20:14]} f4 {[%clk 0:39:09]} 57. Bg5
{[%clk 0:20:37]} Kf5 {[%clk 0:36:23]} 1/2-1/2

[Event "MP do 18 lat - chlopcy"]
[Site "Sypniewo"]
[Date "2022.03.23"]
[Round "5.18"]
[White "Stachecki, Mikolaj"]
[Black "Zabron, Maksym"]
[Result "0-1"]
[BlackElo "1934"]
[WhiteElo "1837"]
[LiveChessVersion "1.4.8"]

1. e4 {[%clk 1:30:49]} c5 {[%clk 1:30:57]} 2. Nf3 {[%clk 1:31:11]} e6
{[%clk 1:31:23]} 3. d4 {[%clk 1:31:34]} cxd4 {[%clk 1:31:48]} 4. Nxd4
{[%clk 1:31:50]} Nc6 {[%clk 1:32:14]} 5. Nc3 {[%clk 1:31:19]} Qc7
{[%clk 1:32:38]} 6. Be2 {[%clk 1:31:27]} a6 {[%clk 1:32:55]} 7. O-O
{[%clk 1:31:18]} Nf6 {[%clk 1:32:52]} 8. Be3 {[%clk 1:31:20]} Be7
{[%clk 1:33:17]} 9. f4 {[%clk 1:29:13]} d6 {[%clk 1:33:41]} 10. a4
{[%clk 1:28:40]} O-O {[%clk 1:33:14]} 11. Kh1 {[%clk 1:28:42]} Nxd4
{[%clk 1:31:44]} 12. Qxd4 {[%clk 1:27:29]} e5 {[%clk 1:18:44]} 13. Qd3
{[%clk 1:25:57]} exf4 {[%clk 1:16:45]} 14. Bxf4 {[%clk 1:25:03]} Be6
{[%clk 1:16:44]} 15. Qg3 {[%clk 1:22:49]} Ne8 {[%clk 0:51:33]} 16. Rad1
{[%clk 1:13:39]} Rd8 {[%clk 0:41:56]} 17. Rd2 {[%clk 1:10:15]} Bf6
{[%clk 0:37:27]} 18. Rf3 {[%clk 0:52:18]} Qa5 {[%clk 0:33:20]} 19. b3
{[%clk 0:42:10]} Qb4 {[%clk 0:26:43]} 20. Nd5 {[%clk 0:33:15]} Bxd5
{[%clk 0:26:03]} 21. exd5 {[%clk 0:33:32]} Be5 {[%clk 0:25:36]} 22. Rd1
{[%clk 0:32:47]} Bxf4 {[%clk 0:18:44]} 23. Rxf4 {[%clk 0:33:02]} Qc5
{[%clk 0:18:36]} 24. Qh4 {[%clk 0:20:31]} Nc7 {[%clk 0:17:07]} 25. Rc4
{[%clk 0:19:16]} Qb6 {[%clk 0:16:01]} 26. Rd3 {[%clk 0:17:37]} Rde8
{[%clk 0:14:21]} 27. Rh3 {[%clk 0:17:19]} h6 {[%clk 0:14:20]} 28. Rg4
{[%clk 0:15:46]} f5 {[%clk 0:09:44]} 29. Rxg7+ {[%clk 0:09:32]} Kxg7
{[%clk 0:10:09]} 30. Qxh6+ {[%clk 0:09:53]} Kf7 {[%clk 0:10:32]} 31. Qh7+
{[%clk 0:08:53]} Kf6 {[%clk 0:10:57]} 32. Qh4+ {[%clk 0:05:27]} Ke5
{[%clk 0:09:29]} 33. Qg3+ {[%clk 0:02:39]} Kxd5 {[%clk 0:06:12]} 34. Bf3+
{[%clk 0:01:24]} Ke6 {[%clk 0:05:16]} 35. Qg7 {[%clk 0:00:35]} Rf7
{[%clk 0:02:59]} 36. Qg6+ {[%clk 0:00:37]} Rf6 {[%clk 0:02:43]} 37. Qg7
{[%clk 0:00:35]} Qf2 {[%clk 0:02:05]} 0-1

[Event "MP do 18 lat - chlopcy"]
[Site "Sypniewo"]
[Date "2022.03.23"]
[Round "5.19"]
[White "Koziorowicz, Michal"]
[Black "Ciborowski, Konrad Jr"]
[Result "1-0"]
[BlackElo "1869"]
[WhiteElo "2291"]
[LiveChessVersion "1.4.8"]

1. e4 c5 {[%clk 1:30:57]} 2. Nf3 {[%clk 1:28:32]} d6 {[%clk 1:31:24]} 3. d4
{[%clk 1:28:55]} cxd4 {[%clk 1:31:51]} 4. Nxd4 {[%clk 1:29:18]} Nf6
{[%clk 1:32:17]} 5. Nc3 {[%clk 1:29:41]} a6 {[%clk 1:32:45]} 6. g3
{[%clk 1:29:04]} g6 {[%clk 1:33:11]} 7. Bg2 {[%clk 1:29:25]} Bg7 {[%clk 1:33:39]}
8. O-O {[%clk 1:29:27]} O-O {[%clk 1:34:06]} 9. h3 {[%clk 1:29:22]} Nc6
{[%clk 1:34:05]} 10. Be3 {[%clk 1:29:42]} Bd7 {[%clk 1:29:36]} 11. Nd5
{[%clk 1:26:37]} Rc8 {[%clk 1:29:02]} 12. Ne2 {[%clk 1:17:16]} Nxd5
{[%clk 1:25:33]} 13. exd5 {[%clk 1:17:39]} Ne5 {[%clk 1:25:59]} 14. b3
{[%clk 1:17:51]} Bb5 {[%clk 1:16:32]} 15. c4 {[%clk 1:01:08]} Be8
{[%clk 1:16:55]} 16. Nd4 {[%clk 1:01:17]} Nd7 {[%clk 1:14:59]} 17. Qe2
{[%clk 0:55:05]} Nc5 {[%clk 1:13:17]} 18. b4 {[%clk 0:54:36]} Na4
{[%clk 1:09:34]} 19. Rac1 {[%clk 0:54:54]} Rc7 {[%clk 0:47:05]} 20. Rc2
{[%clk 0:49:21]} Qc8 {[%clk 0:41:45]} 21. Rfc1 {[%clk 0:49:26]} Bd7
{[%clk 0:39:39]} 22. Kh2 {[%clk 0:49:26]} Re8 {[%clk 0:35:15]} 23. Qd3
{[%clk 0:47:50]} Bf5 {[%clk 0:29:41]} 24. Nxf5 {[%clk 0:48:11]} Qxf5
{[%clk 0:30:07]} 25. Qxf5 {[%clk 0:46:48]} gxf5 {[%clk 0:30:35]} 26. c5
{[%clk 0:47:02]} dxc5 {[%clk 0:23:29]} 27. Bf4 {[%clk 0:44:14]} Rd7
{[%clk 0:23:02]} 28. bxc5 {[%clk 0:44:38]} e5 {[%clk 0:20:24]} 29. dxe6
{[%clk 0:43:59]} Rxe6 {[%clk 0:20:03]} 30. c6 {[%clk 0:44:21]} bxc6
{[%clk 0:17:52]} 31. Bxc6 {[%clk 0:44:37]} Rd4 {[%clk 0:18:20]} 32. Be3
{[%clk 0:44:50]} Rb4 {[%clk 0:13:49]} 33. a3 {[%clk 0:44:29]} 1-0

[Event "MP do 18 lat - chlopcy"]
[Site "Sypniewo"]
[Date "2022.03.23"]
[Round "5.20"]
[White "Ullrich, Karol"]
[Black "Skurniak, Szymon"]
[Result "0-1"]
[BlackElo "2032"]
[WhiteElo "1748"]
[LiveChessVersion "1.4.8"]

1. e4 c5 {[%clk 1:30:57]} 2. Nf3 {[%clk 1:31:17]} d6 {[%clk 1:31:17]} 3. d4
{[%clk 1:31:41]} cxd4 {[%clk 1:31:44]} 4. Nxd4 {[%clk 1:31:59]} Nf6
{[%clk 1:32:06]} 5. Nc3 {[%clk 1:32:17]} Nc6 {[%clk 1:32:24]} 6. Bc4
{[%clk 1:32:20]} Qb6 {[%clk 1:30:57]} 7. Nb3 {[%clk 1:30:33]} e6 {[%clk 1:30:15]}
8. Bf4 {[%clk 1:29:06]} Ne5 {[%clk 1:30:34]} 9. Be2 {[%clk 1:28:48]} Bd7
{[%clk 1:30:53]} 10. Be3 {[%clk 1:25:32]} Qc7 {[%clk 1:30:49]} 11. Qd4
{[%clk 1:10:30]} a6 {[%clk 1:21:17]} 12. f4 {[%clk 1:08:42]} Nc6 {[%clk 1:19:49]}
13. Qb6 {[%clk 1:08:40]} Qxb6 {[%clk 1:15:24]} 14. Bxb6 {[%clk 1:09:02]} h6
{[%clk 0:55:11]} 15. g4 {[%clk 1:02:48]} g5 {[%clk 0:51:25]} 16. f5
{[%clk 1:02:49]} Ne5 {[%clk 0:39:16]} 17. Rg1 {[%clk 1:01:21]} Bc6
{[%clk 0:34:45]} 18. Nd4 {[%clk 0:58:01]} Nxe4 {[%clk 0:27:18]} 19. fxe6
{[%clk 0:45:07]} fxe6 {[%clk 0:22:25]} 20. Nxc6 {[%clk 0:40:42]} Nxc3
{[%clk 0:22:39]} 21. Nxe5 {[%clk 0:40:24]} Nxe2 {[%clk 0:23:01]} 22. Kxe2
{[%clk 0:40:22]} dxe5 {[%clk 0:23:30]} 23. Rad1 {[%clk 0:36:35]} Rc8
{[%clk 0:21:25]} 24. Kd3 {[%clk 0:35:52]} Bc5 {[%clk 0:20:50]} 25. Bxc5
{[%clk 0:36:06]} Rxc5 {[%clk 0:21:19]} 26. Rgf1 {[%clk 0:33:51]} Ke7
{[%clk 0:21:33]} 27. b3 {[%clk 0:32:00]} Rd8+ {[%clk 0:21:06]} 28. Ke4
{[%clk 0:30:54]} Rxd1 {[%clk 0:21:20]} 29. Rxd1 {[%clk 0:31:20]} Rxc2
{[%clk 0:21:33]} 30. Kxe5 {[%clk 0:30:50]} Rxa2 {[%clk 0:19:38]} 31. h3
{[%clk 0:29:16]} Ra5+ {[%clk 0:15:41]} 32. Ke4 {[%clk 0:29:32]} Rc5
{[%clk 0:16:00]} 33. Rd3 {[%clk 0:29:29]} a5 {[%clk 0:16:03]} 34. h4
{[%clk 0:28:40]} b5 {[%clk 0:09:55]} 35. hxg5 {[%clk 0:27:14]} hxg5
{[%clk 0:10:04]} 36. Rh3 {[%clk 0:26:45]} Kd6 {[%clk 0:08:19]} 37. Rh8
{[%clk 0:26:12]} a4 {[%clk 0:08:17]} 38. bxa4 {[%clk 0:23:55]} bxa4
{[%clk 0:07:19]} 39. Rd8+ {[%clk 0:19:58]} Kc6 {[%clk 0:07:08]} 40. Ra8
{[%clk 0:49:25]} Kb5 {[%clk 0:37:23]} 41. Rb8+ {[%clk 0:49:39]} Kc4
{[%clk 0:37:36]} 42. Ra8 {[%clk 0:49:39]} Kb4 {[%clk 0:37:28]} 43. Kd4
{[%clk 0:49:18]} Rb5 {[%clk 0:37:54]} 44. Ra6 {[%clk 0:49:01]} a3
{[%clk 0:34:45]} 45. Rxe6 {[%clk 0:49:22]} a2 {[%clk 0:35:09]} 46. Re1
{[%clk 0:49:24]} Ra5 {[%clk 0:35:30]} 0-1

[Event "MP do 18 lat - chlopcy"]
[Site "Sypniewo"]
[Date "2022.03.23"]
[Round "5.21"]
[White "Kietrys, Maciej"]
[Black "Haliniak, Wojciech"]
[Result "1/2-1/2"]
[BlackElo "1751"]
[WhiteElo "1882"]
[LiveChessVersion "1.4.8"]

1. e4 {[%clk 1:30:58]} c5 {[%clk 1:30:53]} 2. Nc3 {[%clk 1:31:18]} Nc6
{[%clk 1:31:18]} 3. g3 {[%clk 1:31:45]} g6 {[%clk 1:31:41]} 4. Bg2
{[%clk 1:32:13]} Bg7 {[%clk 1:32:05]} 5. d3 {[%clk 1:32:41]} d6 {[%clk 1:32:24]}
6. Be3 {[%clk 1:32:35]} e5 {[%clk 1:32:33]} 7. Qd2 {[%clk 1:32:31]} Be6
{[%clk 1:32:29]} 8. f4 {[%clk 1:31:39]} Nge7 {[%clk 1:32:32]} 9. Nf3
{[%clk 1:31:52]} h6 {[%clk 1:30:45]} 10. O-O {[%clk 1:25:12]} b6 {[%clk 1:28:53]}
11. Nh4 {[%clk 1:22:11]} d5 {[%clk 1:24:37]} 12. f5 {[%clk 1:21:27]} d4
{[%clk 1:24:48]} 13. fxe6 {[%clk 1:21:42]} fxe6 {[%clk 1:25:11]} 14. Nd1
{[%clk 1:17:34]} dxe3 {[%clk 1:25:12]} 15. Nxe3 {[%clk 1:17:59]} g5
{[%clk 1:22:13]} 16. Nf3 {[%clk 1:09:18]} Ng6 {[%clk 1:21:56]} 17. a4
{[%clk 1:06:53]} h5 {[%clk 1:16:12]} 18. Nc4 {[%clk 0:53:46]} Bh6
{[%clk 1:14:15]} 19. Qc3 {[%clk 0:53:07]} Qc7 {[%clk 1:09:13]} 20. Rae1
{[%clk 0:45:09]} O-O-O {[%clk 1:08:31]} 21. Nfd2 {[%clk 0:36:36]} Nd4
{[%clk 1:08:39]} 22. Nb3 {[%clk 0:36:37]} g4 {[%clk 1:05:32]} 23. Nxd4
{[%clk 0:32:47]} exd4 {[%clk 1:05:54]} 24. Qb3 {[%clk 0:33:15]} Ne5
{[%clk 0:57:33]} 25. a5 {[%clk 0:32:14]} Nxc4 {[%clk 0:54:53]} 26. Qxc4
{[%clk 0:32:08]} Be3+ {[%clk 0:52:00]} 27. Kh1 {[%clk 0:31:52]} h4
{[%clk 0:51:34]} 28. Qxe6+ {[%clk 0:29:58]} Qd7 {[%clk 0:48:09]} 29. Qxd7+
{[%clk 0:28:26]} Rxd7 {[%clk 0:48:29]} 30. gxh4 {[%clk 0:28:20]} Rxh4
{[%clk 0:48:46]} 31. Rf8+ {[%clk 0:28:34]} Kc7 {[%clk 0:48:38]} 32. Ref1
{[%clk 0:27:59]} bxa5 {[%clk 0:47:14]} 33. R1f5 {[%clk 0:24:51]} 1/2-1/2

[Event "MP do 18 lat - chlopcy"]
[Site "Sypniewo"]
[Date "2022.03.23"]
[Round "5.22"]
[White "Jozefik, Aleksander"]
[Black "Kalkowski, Igor"]
[Result "0-1"]
[BlackElo "1934"]
[WhiteElo "1729"]
[LiveChessVersion "1.4.8"]

1. e4 {[%clk 1:30:57]} e5 {[%clk 1:30:33]} 2. Nf3 {[%clk 1:31:22]} Nc6
{[%clk 1:30:57]} 3. Bb5 {[%clk 1:31:40]} a6 {[%clk 1:31:21]} 4. Bxc6
{[%clk 1:31:56]} dxc6 {[%clk 1:31:45]} 5. O-O {[%clk 1:31:50]} Qf6
{[%clk 1:32:09]} 6. d4 {[%clk 1:31:38]} exd4 {[%clk 1:32:28]} 7. Bg5
{[%clk 1:31:48]} Qd6 {[%clk 1:32:52]} 8. Nxd4 {[%clk 1:31:49]} Be7
{[%clk 1:33:15]} 9. Be3 {[%clk 1:30:52]} Nh6 {[%clk 1:33:34]} 10. f3
{[%clk 1:25:28]} g5 {[%clk 1:31:52]} 11. Qd2 {[%clk 1:21:42]} Rg8
{[%clk 1:31:41]} 12. Nc3 {[%clk 1:15:49]} Bd7 {[%clk 1:26:46]} 13. Rae1
{[%clk 1:04:46]} O-O-O {[%clk 1:24:47]} 14. f4 {[%clk 0:52:00]} Ng4
{[%clk 1:24:30]} 15. Nf3 {[%clk 0:41:21]} Nxe3 {[%clk 1:21:29]} 16. Qxe3
{[%clk 0:40:00]} gxf4 {[%clk 1:21:07]} 17. Qa7 {[%clk 0:35:01]} Bh3
{[%clk 0:51:51]} 18. Rf2 {[%clk 0:34:03]} Qc5 {[%clk 0:51:39]} 19. Qa8+
{[%clk 0:29:42]} Kd7 {[%clk 0:52:00]} 20. Rd1+ {[%clk 0:29:52]} Bd6
{[%clk 0:52:22]} 21. Rxd6+ {[%clk 0:20:40]} Kxd6 {[%clk 0:51:42]} 22. e5+
{[%clk 0:21:06]} Ke7 {[%clk 0:51:50]} 23. Qxb7 {[%clk 0:21:22]} Rxg2+
{[%clk 0:52:10]} 24. Kh1 {[%clk 0:21:49]} Qxf2 {[%clk 0:52:09]} 25. Qxc7+
{[%clk 0:22:14]} Rd7 {[%clk 0:52:25]} 0-1